000
00275nam a2200109Ia 4500
008
220120s9999||||xx |||||||||||||| ||und||
100
_a
Kanetkar, Yashavant, P
245
0
_a
C pearls
260
_a
BPB publication
_c
1997
300
_b
135
650
_a
ENVIRONMENTAL STUDIES
_9
107
999
_c
137325
_d
137325